000 00784nam0a2200253 4500
001 RU\NLR\BIBL_A\012097820
005 20250623205926.0
010 _94000
035 _a(NLR Aleph) 012097820
090 _a13296948
_c13296948
100 _a20190920d1955 |||y0rusy50 ca
101 1 _akir
_crus
102 _aKG
105 _aa z 000yy
200 1 _aКороо жанындагы жүзүмчүлүк
_fА. Е. Волков
210 _aФрунзе
_cКыргызмамбас
_d1955
215 _a53,[2] c.
_cил.
_d20
541 1 _aПриусадебное виноградарство
_zrus
686 1 _aП26-4 я9
700 1 _aВолков
_bЯ. Е.
_gЯков Ермолаевич
_4070
852 _aNLR
_bОНЛ
_jКирг./2-1824
942 _cBOOK
980 _aNB